000 00302nam a22001337a 4500
008 170419b xxu||||| |||| 00| 0 eng d
020 _a2900805374796
041 _aeng
080 _22ND
_a573
100 _a11
101 _aSHM
245 _aSTUDY GUIDE ESSENTIAL BIOLOGY
_cCAMPBELL
942 _2udc
_cBK
999 _c11305
_d11305